Statystyki dla Najlepsze zabytki w Polsce

Kliknij tutaj aby rozwiązać quiz!

Ogólne statystyki

  • Ten quiz został rozwiązany 180 razy
  • Średni wynik to 10 z 14

Statystyki odpowiedzi

Odpowiedź% Poprawnych
Pałac Kultury i Nauki
96%
Zamek Wawelski
95%
Zamek Krzyżacki w Malborku
91%
Kopalnia Soli w Wieliczce
85%
Sukiennice
85%
Smok Wawelski
82%
Kościół Mariacki
81%
Auschwitz
75%
Rynek w Zamościu
62%
Zamek Królewski w Warszawie
57%
Zespół miejski Torunia
50%
Hala Stulecia we Wroclawiu
46%
Kopiec Kościuszki
41%
Zamek w Ogrodzieńcu
37%

Rozkład punktacji

Percentyl według liczby udzielonych odpowiedzi

Procent ludzi z każdym wynikiem

Twoja historia wyników

Nie rozwiązałeś tego quizu